banner koha

Poaceae em uma planície de inundação no Brasil: distribuição espacial e conservação (Registro n. 331900)

MARC details
000 -LÍDER
fixed length control field 03526nab a2200289 i 4500
003 - CÓDIGO MARC DA AGÊNCIA CATALOGADORA
Campo de controle BR-BrBNA
005 - DATA E HORA DA ÚLTIMA ATUALIZAÇÃO
Campo de controle 20250604153812.0
008 - CAMPO DE TAMANHO FIXO
fixed length control field 250604b2018 bl.qr|pooa||| 00| 0 por |
040 ## - FONTE DA CATALOGAÇÃO
Agência catalogadora BR-BrBNA
Idioma da catalogação por
072 ## - CATEGORIA AGRIS
Código AGRIS F70
100 ## - ENTRADA PRINCIPAL - NOME PESSOAL
Nome pessoal Kawakita, Kazue
100 ## - ENTRADA PRINCIPAL - NOME PESSOAL
Nome pessoal Fontana, Alan Charles
100 ## - ENTRADA PRINCIPAL - NOME PESSOAL
Nome pessoal Garcia, Jéssica Magon
100 ## - ENTRADA PRINCIPAL - NOME PESSOAL
Nome pessoal Rodrigues, Rodrigo S.
100 ## - ENTRADA PRINCIPAL - NOME PESSOAL
Nome pessoal Filgueiras, Tarciso S.
245 ## - TÍTULO PRINCIPAL
Título principal Poaceae em uma planície de inundação no Brasil: distribuição espacial e conservação
500 ## - NOTA GERAL
Nota geral Publicação on-line; Bibliography p. 590-594 (94 ref.); 1 table; 3 illus.; Summaries (En, Pt)
942 ## - ADDED ENTRY ELEMENTS (KOHA)
Koha item type Analítica
520 ## - NOTA DE RESUMO
Nota de conteúdo <br/>Resumo <br/><br/>Com 94 espécies, Poaceae é uma das maiores famílias botânicas ocorrentes na Planície de Inundação do Alto Rio Paraná (PIAP) e seu entorno, localizada a 22o 38’–22o 57’S e 53o 5’–53º36’O, a qual abrange áreas dos estados do Mato Grosso do Sul e do Paraná, Brasil. Sazonalmente inundável, a PIAP faz parte da Área de Proteção Ambiental Federal das Ilhas e Várzeas do Rio Paraná (APA-IVRP) e do Parque Estadual das Várzeas do Rio Ivinhema (PEVRI). Com o objetivo de ampliar os conhecimentos botânicos, ecológicos e oferecer subsídios que possam contribuir para a conservação, no presente trabalho foi avaliado o padrão de distribuição espacial das gramíneas na PIAP e no seu entorno. Para as espécies ocorrentes na PIAP foram considerados: fitofisionomia, exposição à luz, via fotossintética, condição hídrica do substrato em que preferencialmente ocorrem, classificação da morfovegetação, frequências absoluta e relativa, origem e Domínio Fitogeográfico. Os resultados mostram que as espécies distribuem-se espacialmente de acordo com a configuração geomorfológica da PIAP, aqui representadas em dois perfis esquemáticos. <br/><br/>Palavras-chave: áreas úmidas, brejo, Gramineae, Rio Paraná, vegetação ripária. <br/><br/><br/><br/><br/>Abstract <br/><br/>With 94 species, Poaceae is one of the largest botanical families of the Upper Paraná River Floodplain (PIAP) and its environs, located between 22o 38’–22o 57’S and 53o 5’–53o 36’W, and covering areas of the Brazilian states of Mato Grosso do Sul and Paraná. Seasonally flooded, PIAP is part of the The Environmental Protection Area of the Islands and floodplains of the Paraná River (APA-IVRP) and State Park of the Ivinhema River Floodplain (PEVRI). Aiming to improve the botanical and ecological knowledge of the area and therefore contribute to its conservation, we studied the distribution pattern of the grasses of PIAP and its environs. For the grasses of PIAP we considered: phytophysiognomy, light exposure, photosynthetic pathway, water condition of the substrate where they preferably occur, classification of the morphovegetation, and the absolute and relative frequencies. The results show that the species are distributed according to the geomorphological configuration of the PIAP, which are presented here in two schematic profiles. <br/><br/>Key words: wetlands, swamp, Gramineae, Paraná River, riparian vegetation.<br/>
650 ## - ASSUNTO - THESAGRO
Cabeçalho tópico ou nome geográfico BREJO
650 ## - ASSUNTO - THESAGRO
Cabeçalho tópico ou nome geográfico GRAMINEAE
650 ## - ASSUNTO - THESAGRO
Cabeçalho tópico ou nome geográfico RIO PARANÁ
650 ## - ASSUNTO - THESAGRO
Cabeçalho tópico ou nome geográfico VEGETAÇÃO
773 0# - ENTRADA ANALÍTICA
Host Biblionumber 709
Registro do item 350746
Imprenta Rio de Janeiro-RJ Jardim Botanico do Rio de Janeiro 1935
Outro identificador 2025-3371
Título Rodriguésia (Brazil)
ISSN 0370-6583; 2175-7860 on-line
Colação v. 69(2) p. 577-594; (2018)
Número de controle de registro BR2025003036
856 ## - ACESSO E ENDEREÇO ELETRÔNICO
Identificador uniforme de recurso - URI https://www.scielo.br/j/rod/a/RZnNHCRHMn3Z7pv6PmxfH4b/?format=pdf&lang=pt

Nenhum exemplar disponível.

BINAGRI

Telefone: (61)3218-2567/2388/3357/2097 - binagri@agro.gov.br

Ministério da Agricultura e Pecuária , Esplanada dos Ministérios, Bloco D, Anexo B, Brasília/DF, CEP: 70.043-900